Climatic change and global warming of inland waters (Record no. 16783)

MARC details
000 -LEADER
fixed length control field 01097nam a2200325Ia 4500
003 - CONTROL NUMBER IDENTIFIER
control field OSt
005 - DATE AND TIME OF LATEST TRANSACTION
control field 20220912144727.0
008 - FIXED-LENGTH DATA ELEMENTS--GENERAL INFORMATION
fixed length control field 220909b |||||||| |||| 00| 0 eng d
020 ## - INTERNATIONAL STANDARD BOOK NUMBER
International Standard Book Number 9781119968665 (hbk)
020 ## - INTERNATIONAL STANDARD BOOK NUMBER
International Standard Book Number SL01561984
037 ## - SOURCE OF ACQUISITION
Terms of availability Textbook
040 ## - CATALOGING SOURCE
Original cataloging agency CSL
Language of cataloging eng
Transcribing agency CSL
041 ## - LANGUAGE CODE
Language code of text/sound track or separate title eng
100 ## - MAIN ENTRY--PERSONAL NAME
Personal name Goldman Charles R Ed.; Kumagai Michio Ed.; Robarts Richard D Ed.
245 #0 - TITLE STATEMENT
Title Climatic change and global warming of inland waters
260 ## - PUBLICATION, DISTRIBUTION, ETC.
Place of publication, distribution, etc. West Sessex
Name of publisher, distributor, etc. John Wiley
Date of publication, distribution, etc. 2013
300 ## - PHYSICAL DESCRIPTION
Extent xxiv, 472p.
500 ## - GENERAL NOTE
General note Index 461-472p.
650 ## - SUBJECT ADDED ENTRY--TOPICAL TERM
Topical term or geographic name entry element Climate change impact
650 ## - SUBJECT ADDED ENTRY--TOPICAL TERM
Topical term or geographic name entry element Water Resources
650 ## - SUBJECT ADDED ENTRY--TOPICAL TERM
Topical term or geographic name entry element Geology
700 ## - ADDED ENTRY--PERSONAL NAME
Personal name Goldman Charles R Ed.; Kumagai Michio Ed.; Robarts Richard D Ed.
942 ## - ADDED ENTRY ELEMENTS (KOHA)
Classification part H413:(U287), Q3 TH
Koha item type Textbook
Source of classification or shelving scheme Colon Classification (CC)
Holdings
Withdrawn status Lost status Damaged status Not for loan Home library Current library Date acquired Source of acquisition Total Checkouts Full call number Barcode Date last seen Price effective from Koha item type
        Central Science Library Central Science Library 2022-09-12 2500, 16/07/2014, Ashutosh Technical Books   H413:(U287) Q3 TH SL1561984 2022-09-12 2022-09-12 Textbook
Copyright @ Delhi University Library System